| 000 | 00763nam a2200229 a 4500 | ||
|---|---|---|---|
| 999 |
_c8361 _d8361 |
||
| 001 | 8361 | ||
| 003 | BD-JhCC | ||
| 005 | 20180222112039.0 | ||
| 008 | 180222s1992 bg |||| ||a| 001 0 ben d | ||
| 035 | _a(BD-JhCC)8361 | ||
| 040 |
_aBD-JhCC _dBD-JhCC |
||
| 041 | _aben | ||
| 082 |
_a660 _bBHU 1992 |
||
| 100 | _aভূইয়া, এ এস এম নূরুল হক | ||
| 245 |
_aশিল্পরসায়ন ও রাসায়নিক প্রযুক্তি / _cএ এস এম নূরুল হক ভূইয়া, |
||
| 260 |
_aঢাকা : _bঢাকা বিশ্ববিদ্যালয়, _c1992 |
||
| 300 |
_a535 p. : _c23 cm. |
||
| 650 | _aChemistry | ||
| 650 | _aChamical | ||
| 942 |
_2ddc _cBK |
||